=LDR 00000nam 2200000 4500 =001 INLIS000000000030786 =005 20130612132914 =008 ***********************************ind; eng** =035 ##$$0010-061300000030786 =041 ##$$a ind; eng =082 ##$$a F Rom K =090 ##$$a F Rom K, Dri b =100 ##$$a Driscoll, Laura =245 ##$$a Beck dan pelang beri, Laura Driscoll, alih bahasa vina Damajanti =260 ##$$a 2007 $b Jakarta =300 ##$$a 109 hlm, ilus, 20 CM =650 ##$$a Fiksi Kanak-kanak =850 ##$$a NBPNMAT